Wake Me Up - Lyrics - Statistics

General Stats
  • This quiz has been taken 20 times
  • The average score is 111 of 206
Answer Stats
Hint Answer % Correct
me
94%
up
94%
Wake
94%
I
88%
Verse All
81%
all
81%
an
69%
it
69%
It
69%
when
69%
When
69%
you
69%
I'm
63%
is
63%
it's
63%
It's
63%
my
63%
to
63%
And
56%
been
56%
have
56%
I've
56%
night
56%
No
56%
no
56%
oh
56%
The
56%
the
56%
time
56%
alone
50%
Are
50%
are
50%
'Cause
50%
'cause
50%
come
50%
demons
50%
don't
50%
find
50%
horizon
50%
illusion
50%
know
50%
losing
50%
memory
50%
never
50%
of
50%
or
50%
out
50%
real
50%
rising
50%
running
50%
sun
50%
these
50%
afterlife
44%
can't
44%
dying
44%
fades
44%
Fades
44%
fear
44%
feels
44%
if
44%
legacy
44%
like
44%
other
44%
side
44%
so
44%
This
44%
your
44%
black
38%
day
38%
delusion
38%
Keep
38%
love's
38%
creeping
31%
eyes
31%
fire
31%
ooh
31%
Open
31%
paralyzed
31%
easy
25%
feeling
25%
live
25%
tryin'
25%
death's
19%
dreaming
19%
them
19%
with
19%
damn
13%
fully
13%
hey
13%
sleep
13%
smile
13%
Whoa
13%
whoa
13%
wire
13%
coming
6%
paralyzing
6%
Play
6%
Cleanse
0%
hard
0%
life
0%
No matching quizzes found
Score Distribution
Percent of People with Each Score
Percentile by Number Answered
Your Score History
You have not taken this quiz